=LDR 00000nam 2200000 4500 =001 INLIS000000000019347 =005 20130612114422 =008 ***********************************Ind** =035 ##$$0010-061300000019347 =041 ##$$a Ind =082 ##$$a 004.64 =090 ##$$a 004.64, Tip t =245 ##$$a Tip dan trik meningkatkan kinerja PC =260 ##$$a 2004 $b Yogyakarta =300 ##$$a xii, 156 hlm, ilus, 23 cm =650 ##$$a Komputer Input/Output Iquipment =850 ##$$a NBPNMAT